| 000 | 00506nam a2200181Ia 4500 | ||
|---|---|---|---|
| 003 | OSt | ||
| 005 | 20240405102446.0 | ||
| 008 | 210210b1960 xxu||||| |||| 00| 0 eng d | ||
| 040 | _cAL | ||
| 041 | _aKannada | ||
| 082 | _a859/1965 | ||
| 100 |
_aSHIVARAMA KARANTA _979707 _d ಶಿವರಾಮ ಕಾರಂತ |
||
| 245 |
_aJagadoddara na _bಜಗದೋದ್ಧಾರ-ನಾ |
||
| 260 |
_aPutturu _bHarsha Prakatanalaya _c1960 |
||
| 690 |
_aKannada Fiction _979708 |
||
| 906 | _a022682 | ||
| 942 |
_2ddc _cBK |
||
| 999 |
_c147268 _d147268 |
||